000 00427nam a2200157Ia 4500
008 210716s1997 xx 000 0 und d
020 _a0134335333
041 _aeng
082 _a658.152 EMED
100 _aEmery, Douglas R;Finnerty, John D.
245 _aCorporate financial management.
250 _a1
260 _aNew Jersey
_bPrentice Hall
_c1997
300 _axxii,999,I-20
650 _aFinancial Management(658.15)
999 _c198185
_d198185